000
00246nam a2200109Ia 4500
008
190216s9999||||xx |||||||||||||| ||und||
100
_a
Null
245
0
_a
Mathematical Hand Book
260
_b
Pai & Company
650
_a
Mathematics
942
_c
BK
999
_c
30603
_d
30603